<?xml version="1.0" encoding="UTF-8"?>
<record
    xmlns:xsi="http://www.w3.org/2001/XMLSchema-instance"
    xsi:schemaLocation="http://www.loc.gov/MARC21/slim http://www.loc.gov/standards/marcxml/schema/MARC21slim.xsd"
    xmlns="http://www.loc.gov/MARC21/slim">

  <leader>00441nam a22001337a 4500</leader>
  <controlfield tag="005">20161222090411.0</controlfield>
  <controlfield tag="008">161222b        xxu||||| |||| 00| 0 eng d</controlfield>
  <datafield tag="040" ind1=" " ind2=" ">
    <subfield code="c">PK-LaUMT</subfield>
  </datafield>
  <datafield tag="082" ind1=" " ind2=" ">
    <subfield code="a">220</subfield>
    <subfield code="b">ANJ-</subfield>
  </datafield>
  <datafield tag="245" ind1=" " ind2=" ">
    <subfield code="a">Anjeel barnabas =  &#x627;&#x646;&#x62C;&#x6CC;&#x644; &#x628;&#x631;&#x646;&#x627;&#x628;&#x627;&#x633; /</subfield>
    <subfield code="c">translated by Muhammad Haleem Ansari =&#x645;&#x62A;&#x631;&#x62C;&#x645; &#x645;&#x62D;&#x645;&#x62F; &#x62D;&#x644;&#x6CC;&#x645; &#x627;&#x646;&#x635;&#x627;&#x631;&#x6CC;</subfield>
  </datafield>
  <datafield tag="260" ind1=" " ind2=" ">
    <subfield code="a">&#x644;&#x627;&#x6C1;&#x648;&#x631;:</subfield>
    <subfield code="b">&#x670;&#x627;&#x62F;&#x627;&#x631;&#x6C1; &#x627;&#x633;&#x644;&#x627;&#x645;&#x6CC;&#x627;&#x62A;&#x60C;</subfield>
    <subfield code="c">2003</subfield>
  </datafield>
  <datafield tag="300" ind1=" " ind2=" ">
    <subfield code="a">434 p.</subfield>
  </datafield>
  <datafield tag="942" ind1=" " ind2=" ">
    <subfield code="c">BK</subfield>
  </datafield>
  <datafield tag="999" ind1=" " ind2=" ">
    <subfield code="c">89355</subfield>
    <subfield code="d">89355</subfield>
  </datafield>
  <datafield tag="952" ind1=" " ind2=" ">
    <subfield code="0">0</subfield>
    <subfield code="1">0</subfield>
    <subfield code="4">0</subfield>
    <subfield code="7">0</subfield>
    <subfield code="a">01</subfield>
    <subfield code="b">01</subfield>
    <subfield code="d">2016-12-22</subfield>
    <subfield code="l">1</subfield>
    <subfield code="o">220 ANJ-</subfield>
    <subfield code="p">103549</subfield>
    <subfield code="r">2022-08-26 00:00:00</subfield>
    <subfield code="s">2022-07-25</subfield>
    <subfield code="w">2016-12-22</subfield>
    <subfield code="y">BK</subfield>
  </datafield>
</record>
